LIBRARY ONLINE CATALOGUE

Namibia today (Record no. 16457)

MARC details
000 -LEADER
fixed length control field 00650nam a22001937a 4500
003 - CONTROL NUMBER IDENTIFIER
control field OSt
005 - DATE AND TIME OF LATEST TRANSACTION
control field 20170830114117.0
008 - FIXED-LENGTH DATA ELEMENTS--GENERAL INFORMATION
fixed length control field 170830b xxu||||| |||| 00| 0 eng d
020 ## - INTERNATIONAL STANDARD BOOK NUMBER
International Standard Book Number 9789991686592
040 ## - CATALOGING SOURCE
Original cataloging agency KABU
Transcribing agency KABU
100 ## - MAIN ENTRY--PERSONAL NAME
Personal name Totemeyer, Gerhard
245 ## - TITLE STATEMENT
Title Namibia today
Remainder of title challenges and obstacles to reconciliation and stability
Statement of responsibility, etc. Gerhard Totemeyer
260 ## - PUBLICATION, DISTRIBUTION, ETC. (IMPRINT)
Place of publication, distribution, etc. Windhoek
Name of publisher, distributor, etc. Namibia Institute for Democracy
Date of publication, distribution, etc. 2014
300 ## - PHYSICAL DESCRIPTION
Extent 144p.
650 ## - SUBJECT ADDED ENTRY--TOPICAL TERM
Topical term or geographic name as entry element Democracy
Geographic subdivision Namibia
650 ## - SUBJECT ADDED ENTRY--TOPICAL TERM
Topical term or geographic name as entry element Reconciliation
General subdivision Political aspects
Geographic subdivision Namibia
651 ## - SUBJECT ADDED ENTRY--GEOGRAPHIC NAME
Geographic name Namibia
General subdivision Politics and government
Chronological subdivision 1990-
942 ## - ADDED ENTRY ELEMENTS (KOHA)
Source of classification or shelving scheme Library of Congress Classification
Koha item type General Collection
Classification part DT1649
Item part .T68 2014
Holdings
Withdrawn status Lost status Source of classification or shelving scheme Not for loan Home library Current library Date acquired Source of acquisition Total Checkouts Full call number Barcode Date last seen Copy number Price effective from Koha item type
    Library of Congress Classification   Kabarak, Main Campus Kabarak, Main Campus 30/08/2017 Donated by Library of Congress, Nairobi   DT1649.T68 2014 c.1 027436 30/08/2017 c.1 30/08/2017 General Collection